[Event "OMA-chT"]
[Site "Muscat"]
[Date "2019.07.11"]
[Round "4.4"]
[White "Fadhil, Abdullah Salim"]
[Black "Musallam Salim, Al Aamri"]
[Result "1/2-1/2"]
[WhiteElo "1643"]
[BlackElo "1714"]
[PlyCount "37"]
[EventDate "2019.07.09"]
[EventType "team-swiss"]
[EventRounds "9"]
[EventCountry "OMN"]
[SourceTitle "EXT 2020"]
[Source "ChessBase"]
[SourceDate "2019.10.17"]
[SourceVersion "1"]
[SourceVersionDate "2019.10.17"]
[SourceQuality "1"]
[WhiteTeam "Salalah White"]
[BlackTeam "Salalah Blue"]
[WhiteTeamCountry "OMN"]
[BlackTeamCountry "OMN"]

1. e4 c6 2. d4 d5 3. Nc3 dxe4 4. Nxe4 Bf5 5. f3 Nf6 6. Bd3 Nbd7 7. c3 Bg6 8. Ne2 e6 9. N2g3 Be7 10. 0-0 Qc7 11. Be3 Nd5 12. Bf2 Nf4 13. Bc2 h5 14. Ne2 h4 15. h3 Nf6 16. Nxf4 Qxf4 17. Qc1 Qc7 18. Qd1 Qf4 19. Qc1 1/2-1/2

[Event "OMA-chT"]
[Site "Muscat"]
[Date "2019.02.09"]
[Round "9.4"]
[White "Al Saidi, Mohammed Khalfan"]
[Black "Fadhil, Abdullah Salim"]
[Result "1-0"]
[WhiteElo "1701"]
[BlackElo "1659"]
[PlyCount "65"]
[EventDate "2019.02.02"]
[EventType "team-swiss"]
[EventRounds "9"]
[EventCountry "OMN"]
[SourceTitle "CBM 189 Extra"]
[Source "ChessBase"]
[SourceDate "2019.05.31"]
[SourceVersion "1"]
[SourceVersionDate "2019.05.31"]
[SourceQuality "1"]

1. d4 d5 2. c4 Nf6 3. cxd5 Qxd5 4. Nc3 Qa5 5. Bd2 e6 6. e3 a6 7. Nf3 Nc6 8. a3 Qf5 9. Be2 b5 10. Rc1 Bb7 11. 0-0 Bd6 12. Be1 g5 13. Bd3 Qg4 14. h3 Qh5 15. Ne4 Nxe4 16. Bxe4 Na5 17. Qd3 f5 18. Bxb7 Nxb7 19. Qc3 0-0 20. Qc6 Rab8 21. Ne5 Qe8 22. Nd7 Qh5 23. Nxf8 g4 24. Nxe6 gxh3 25. g3 Qe2 26. Bb4 Nd8 27. Qd5 Nxe6 28. Qxe6+ Kh8 29. Bxd6 h2+ 30. Kxh2 Qh5+ 31. Kg2 cxd6 32. Rh1 Qg4 33. Rc7 1-0

[Event "OMA-chT"]
[Site "Muscat"]
[Date "2019.02.05"]
[Round "5.3"]
[White "Hardan, Hamid Musallem"]
[Black "Fadhil, Abdullah Salim"]
[Result "1-0"]
[WhiteElo "1827"]
[BlackElo "1659"]
[PlyCount "77"]
[EventDate "2019.02.02"]
[EventType "team-swiss"]
[EventRounds "9"]
[EventCountry "OMN"]
[SourceTitle "CBM 189 Extra"]
[Source "ChessBase"]
[SourceDate "2019.05.31"]
[SourceVersion "1"]
[SourceVersionDate "2019.05.31"]
[SourceQuality "1"]

1. e4 e5 2. Nf3 Nc6 3. Bb5 a6 4. Ba4 Nf6 5. d3 b5 6. Bb3 Be7 7. 0-0 h6 8. a3 0-0 9. Be3 d5 10. exd5 Nxd5 11. h3 Be6 12. Bd2 Bd6 13. Re1 Qd7 14. Nc3 Nxc3 15. Bxe6 Qxe6 16. Bxc3 Qf5 17. Nh4 Qf4 18. Re4 Qg5 19. Bd2 Qf6 20. c3 Rad8 21. Qg4 Bc5 22. Nf5 Qg6 23. Qf3 Rxd3 24. Nxh6+ gxh6 25. Qxd3 Rd8 26. Qxd8+ Nxd8 27. Rg4 h5 28. Rxg6+ fxg6 29. a4 Ne6 30. Be3 Bd6 31. axb5 axb5 32. b4 Nf4 33. Bxf4 exf4 34. Ra5 Kf7 35. Rxb5 Ke6 36. c4 c5 37. bxc5 Be5 38. c6 Bf6 39. Rd5 1-0